Big East Conference Basketball Teams - Statistics

General Stats
  • This quiz has been taken 35 times
  • The average score is 10 of 11
Answer Stats
Picture Answer % Correct
Villanova
100%
Xavier
100%
Georgetown
97%
Marquette
97%
Saint John's
97%
UConn
97%
Creighton
94%
DePaul
94%
Providence
94%
Butler
90%
Seton Hall
90%
No matching quizzes found
Score Distribution
Percent of People with Each Score
Percentile by Number Answered
Your Score History
You have not taken this quiz